La selva de los números / (Registro nro. 8587)

Detalles MARC
000 -LIDER
fixed length control field 00852nam a22002897a 4500
001 - NÚMERO DE CONTROL
Identificador de número de control 4435
003 - IDENTIFICACDOR DE NÚMERO DE CONTROL
control field DO-SdBNP
005 - DATE AND TIME OF LATEST TRANSACTION
control field 20180209145005.0
007 - CAMPOS FIJOS DE DESCRIPCIÓN FÍSICA
fixed length control field 4435
008 - ELEMENTOS DE LONGITUD FIJA
fixed length control field 001113s 2001 sp | ||| ||spa
020 ## - ISBN
International Standard Book Number 8420441740
040 ## - FUENTE DE CATALOGACIÓN
Agencia que crea de manera original el registro BPMSU
Idioma de catalogación spa
Agencia que realiza la transcripción BPMSU
082 ## - NÚMERO DE CLASIFICACIÓN DECIMAL DE DEWEY
Classification number 863.6
Item number G633s
100 2# - ASIENTO PRINCIPAL -- NOMBRE PERSONAL
Nombre personal Gómez Gil, Ricardo
Fechas asociadas con el nombre 1954-
245 13 - MENCIÓN DE TITULO
Título La selva de los números /
Mención de responsabilidad Ricardo Gómez ; ilustraciones, Tesa González
250 ## - MENCIÓN DE EDICION
Mención de edición 3a. reimpresión
260 ## - PUBLICACIÓN, DISTRIBUCIÓN, ETC. (PIE DE IMPRENTA)
Lugar de publicación, distribución, etc Madrid :
Nombre del editor, distribuidor, etc. Alfaguara,
Fecha de publicación, distribución, etc 2001
300 ## - DESCRIPCIÓN FÍSICA
Extensión 116 p.:
Otros detalles físicos il.;
Dimensiones 20 cm.
490 0# - MENCIÓN DE SERIES
Mención de serie Alfagurara infantil
650 ## - ENCABEZAMIENTO DE MATERIA--TEMÁTICO
Término temático o nombre geográfico como elemento de entrada CUENTOS INFANTILES ESPAÑOLES
650 ## - ENCABEZAMIENTO DE MATERIA--TEMÁTICO
Término temático o nombre geográfico como elemento de entrada LITERATURA INFANTIL ESPAÑOLA
700 ## - ASIENTO SECUNDARIO -- NOMBRE PERSONAL
Término de relación González, Tesa
Nombre personal il.
830 ## - ASIENTO SECUNDARIO DE SERIE--TÍTULO UNIFORME
Nombre de la parte o sección de una obra Alfagurara infantil
942 ## - ADDED ENTRY ELEMENTS (KOHA)
Source of classification or shelving scheme Dewey Decimal Classification
Koha item type Libros
945 ## - INFORMACIÓN DE PROCESAMIENTO LOCAL
Información de procesamiento local Inventariado, 2018 / BT
956 ## - LOCAL ELECTRONIC LOCATION AND ACCESS (OCLC)
Nombre de host VMATEO
Método de acceso 10
Materiales especificados 20151105
Enlace BPMSU
Campo enlazado y núm. de secuencia 00151
Existencias
Withdrawn status Lost status Source of classification or shelving scheme Damaged status Not for loan Collection code Home library Current library Date acquired Source of acquisition Total Checkouts Full call number Barcode Date last seen Price effective from Koha item type Copy number
    Dewey Decimal Classification     Colección Infantil General Biblioteca Pública Metropolitana Salomé Ureña Biblioteca Pública Metropolitana Salomé Ureña 11/05/2015 ALFAGUARA   863.6 G633s BPMSU15110101 11/05/2015 11/05/2015 Libros  
    Dewey Decimal Classification     Colección Infantil General Biblioteca Pública Metropolitana Salomé Ureña Biblioteca Pública Metropolitana Salomé Ureña 11/14/2016 ALFAGUARA   863.6 G633s BPMSU16111291 11/14/2016 11/14/2016 Libros e. 2
    Dewey Decimal Classification     Colección Infantil General Biblioteca Pública Metropolitana Salomé Ureña Biblioteca Pública Metropolitana Salomé Ureña 11/14/2016 ALFAGUARA   863.6 G633s BPMSU16111292 11/14/2016 11/14/2016 Libros e. 3